000 01300nam a22002657a 4500
005 20180222123719.0
010 _aBAC-CH25-H B-666443
020 _c250.00
_a9788186504475
020 _c300.00
035 _aG-003612
035 _aB-576520-556
035 _aB-666443
037 _bस्टार
082 _a
100 _aसुधाकर आशावादी
245 _aमुहावरों की कहानियाँ /
_cसुधाकर आशावादी
260 _aदिल्ली
_c2013
_c2017
_bएच. के. बुक्स
270 _aशिव मार्किट न्यू चन्द्रावल जवाहर नगर
_bदिल्ली
_e110007
300 _a80 पृ.
_c24 से.मी.(सजिल्द )
_bसचित्र
650 _aShort Stories, Hindi
650 _aलघु कथा साहित्य
942 _2ddc
_cCH
_mसुधाक
_h
999 _c87066
_d87066